000 00332nam a2200145Ia 4500
008 230718s9999 xx 000 0 und d
041 _aEng.
082 _a347.072
_bMAS-T
100 _amaster pina lal
245 0 _atargib fadqsa
260 _aPakistan
_bmansoor book house
_c2015
300 _a911
650 _aLaw
999 _c31724
_d31724